[Event "Bundesliga 2006-7"]
[Site "Bindlach GER"]
[Date "2007.03.18"]
[Round "13"]
[White "Bacrot,E"]
[Black "Berndt,S"]
[Result "1/2-1/2"]
[WhiteElo "2705"]
[BlackElo "2430"]

1.d4 Nf6 2.c4 e6 3.Nf3 b6 4.Nc3 Bb4 5.Bg5 Bb7 6.e3 h6 7.Bh4 Bxc3+ 8.bxc3 d6
9.Nd2 Nbd7 10.f3 Qe7 11.Qa4 O-O 12.Bd3 e5 13.e4 Rfe8 14.O-O Nf8 15.Rfe1 Ng6
16.Bf2 Nh7 17.Rad1 Ng5 18.Bf1 Qf6 19.c5 dxc5 20.dxc5 Bc6 21.Qa6 h5 22.h3 h4
23.Kh1 Red8 24.Qe2 Nf4 25.Qe3 Nge6 26.Nb3 Qg5 27.Qc1 Bb5 28.c4 Ba4 29.Rxd8+ Rxd8
30.cxb6 axb6 31.Rd1 c5 32.Rxd8+ Qxd8 33.Qd2 Qe7 34.Nc1 g5 35.Ne2 Nxe2 36.Bxe2 Nf4
37.Bf1 Qd7  1/2-1/2

[Event "II Rapid"]
[Site "Canada de Calatrava ESP"]
[Date "2007.04.06"]
[Round "2"]
[White "Bacrot,E"]
[Black "Gallardo Garcia,A"]
[Result "1/2-1/2"]
[WhiteElo "2705"]
[BlackElo "2341"]

1.d4 Nf6 2.c4 e6 3.Nf3 b6 4.Nc3 Bb7 5.Bg5 Be7 6.e3 h6 7.Bh4 Ne4 8.Nxe4 Bxh4
9.Bd3 Be7 10.O-O O-O 11.Qe2 d6 12.Rfd1 Nd7 13.Rac1 a5 14.Bb1 Nf6 15.Ng3 Re8
16.e4 Nd7 17.e5 Nf8 18.Be4 Qc8 19.h4 c5 20.Bxb7 Qxb7 21.Ne4 dxe5 22.dxe5 Red8
23.g3 Qc6 24.Nh2 Rd4 25.Rxd4 cxd4 26.Nf3 Rd8 27.Ne1 d3 28.Nxd3 Rd4 29.Nd2 Qd7
30.Rc3 Bb4 31.Rb3 Bxd2 32.Qxd2 a4 33.Rc3 Ng6 34.Qe2 Ne7 35.c5 bxc5 36.Nxc5 Qd5
37.Qf3 Qxa2 38.Nd3 Nd5 39.Rc8+ Kh7 40.Qxf7 Qb1+ 41.Kh2 Qxd3 42.Qg8+ Kg6 43.Qxe6+ Kh7
44.h5  1/2-1/2

[Event "II Rapid"]
[Site "Canada de Calatrava ESP"]
[Date "2007.04.08"]
[Round "8"]
[White "Bacrot,E"]
[Black "Del Rey,D"]
[Result "1/2-1/2"]
[WhiteElo "2705"]
[BlackElo "2400"]

1.d4 d6 2.Nf3 Nf6 3.c4 g6 4.Nc3 Bf5 5.Qb3 Qc8 6.g3 c6 7.Bg2 Bg7 8.O-O O-O
9.Re1 Be6 10.Ng5 Bd7 11.e4 Na6 12.Nf3 Rb8 13.e5 dxe5 14.dxe5 Nh5 15.Be3 Ra8
16.Ne4 h6 17.Bd4 Be6 18.Qc2 Rd8 19.Qe2 c5 20.Bc3 b6 21.Rad1 Qc7 22.Nh4 Rxd1
23.Rxd1 Rd8 24.Rxd8+ Qxd8 25.f4 Qd7 26.Bf3 Bf8 27.Ng2 Ng7 28.g4 Nb4 29.b3 Nc6
30.Qd1 Qxd1+ 31.Bxd1 h5 32.h3 hxg4 33.hxg4 Bd7 34.Ng5 Ne6 35.Nxe6 Bxe6 36.Kf2 Bd7
37.Ke3 Bg7 38.g5 e6 39.Bf3 Ne7 40.Kd3 Bc6 41.Bxc6 Nxc6 42.Ne3  1/2-1/2

[Event "TCh-ESP Honor Gp2"]
[Site "Torrelavega ESP"]
[Date "2007.06.29"]
[Round "3"]
[White "Marin,M"]
[Black "Bacrot,E"]
[Result "0-1"]
[WhiteElo "2533"]
[BlackElo "2709"]

1.c4 Nf6 2.Nc3 e5 3.g3 c6 4.Nf3 e4 5.Nd4 d5 6.cxd5 Qb6 7.Nb3 a5 8.d3 a4 9.Be3 Qb4
10.Nd4 Nxd5 11.Qd2 Nxe3 12.fxe3 exd3 13.exd3 g6 14.Bg2 Bh6 15.Nc2 Qe7 16.O-O O-O
17.Rae1 Nd7 18.d4 Nb6 19.Na3 Be6 20.Qd3 Rad8 21.Rf2 Bg7 22.Rd2 Rfe8 23.Qe2 h5
24.Qf2 Qb4 25.Bf3 Bh3 26.Ne4 Bf5 27.Nc3 c5 28.dxc5 Qxc5 29.e4 Qxf2+ 30.Rxf2 Bd4  0-1

[Event "TCh-ESP Honor Gp2"]
[Site "Torrelavega ESP"]
[Date "2007.07.01"]
[Round "5"]
[White "Harikrishna,P"]
[Black "Bacrot,E"]
[Result "1/2-1/2"]
[WhiteElo "2650"]
[BlackElo "2709"]

1.d4 d5 2.c4 c6 3.Nf3 Nf6 4.Nc3 a6 5.Bd2 g6 6.Qb3 Bg7 7.g3 O-O 8.Bg2 dxc4
9.Qxc4 Qb6 10.O-O Bf5 11.Nh4 Be6 12.Qd3 Rd8 13.e3 a5 14.Nf3 a4 15.Ng5 Qa6
16.Qxa6 Rxa6 17.Nxe6 fxe6 18.Rfd1 Nbd7 19.e4 e5 20.d5 cxd5 21.exd5 Nb6 22.Be3 Nc4
23.Bc5 Nd6 24.Rac1 Kf7 25.Re1 Raa8 26.Bh3 e4 27.Be6+ Kf8 28.b3 axb3 29.axb3 Nf7
30.Bb6 Bh6 31.Ra1 Bd2 32.Bxd8 Rxd8 33.Nxe4 Bxe1 34.Rxe1 Nxe4 35.Rxe4 Nd6
36.Ra4 Kg7 37.Kf1 Ne8 38.h4 h6 39.Ke2 b5 40.Ra7 Kf6 41.Ke3 g5 42.hxg5+ hxg5
43.f4 gxf4+ 44.Kxf4 Ng7 45.Bd7 e6 46.g4 exd5 47.g5+ Kf7 48.Bxb5+ Kf8 49.Ke5 Rb8
50.Ba4 Rb6 51.Rd7  1/2-1/2

[Event "Pivdenny Bank Cup"]
[Site "Odessa UKR"]
[Date "2007.07.04"]
[Round "2"]
[White "Bacrot,E"]
[Black "Drozdovskij,Y"]
[Result "1-0"]
[WhiteElo "2709"]
[BlackElo "2558"]

1.d4 d5 2.c4 c6 3.Nf3 Nf6 4.e3 a6 5.Bd3 Bg4 6.Nbd2 Nbd7 7.Qc2 dxc4 8.Bxc4 e6
9.e4 Be7 10.O-O O-O 11.Ne5 Bh5 12.Nxd7 Qxd7 13.Nb3 a5 14.a4 Bg6 15.f3 Nd5
16.Qe2 Nb4 17.Rd1 b6 18.Be3 Kh8 19.Bf2 f5 20.exf5 exf5 21.d5 cxd5 22.Bb5 Qb7
23.Nd4 Bf6 24.Rac1 Be8 25.Ne6 Rf7 26.Bd4 Re7 27.Bxf6 gxf6 28.Re1 Bf7 29.Nd8 Rxe2
30.Nxb7 Rxb2 31.Nd6 Bg6 32.Rc7 d4 33.Nf7+ Kg8 34.Nh6+ Kf8 35.Ree7 Rb1+ 36.Kf2 Nd3+
37.Bxd3 Rb2+ 38.Kf1 Rc8 39.Rxc8+ Kxe7 40.Nxf5+ Kd7 41.Rc4 Ke6 42.g4 Ke5 43.Rc2 Rb4
44.Re2+ Kd5 45.Ne7+ Kc5 46.Nxg6 hxg6 47.Bxg6 Rxa4 48.h4 Ra1+ 49.Kg2 a4 50.h5 a3
51.Bf7 d3 52.Rd2 Kd4 53.h6 Ke3 54.h7 Kxd2 55.h8=Q a2 56.Qxf6  1-0

[Event "Pivdenny Bank Cup"]
[Site "Odessa UKR"]
[Date "2007.07.05"]
[Round "4"]
[White "Bacrot,E"]
[Black "Gelfand,B"]
[Result "1/2-1/2"]
[WhiteElo "2709"]
[BlackElo "2733"]

1.c4 e5 2.g3 Nf6 3.Bg2 Nc6 4.Nc3 Bc5 5.e3 d5 6.cxd5 Nb4 7.d4 exd4 8.exd4 Be7
9.d6 Qxd6 10.Nge2 c6 11.Bf4 Qd8 12.O-O O-O 13.Be5 Nbd5 14.Qb3 Nb6 15.Nf4 Ng4
16.Rad1 Nxe5 17.dxe5 Qc7 18.e6 Bg5 19.Nce2 Bxf4 20.Nxf4 Bxe6 21.Nxe6 fxe6
22.Bh3 Kh8 23.Bxe6 Rad8 24.Rxd8 Rxd8 25.Rd1 Rxd1+ 26.Qxd1 Qe7 27.Qg4 h6 28.Qf5 Qf6
29.Qxf6 gxf6 30.Kg2 Na4 31.b3 Nc3 32.b4 Nb5 33.Bc4 Nd4 34.Bd3 Kg7 35.g4 f5
36.Kg3 Kf6 37.h3 b6 38.f4 fxg4 39.hxg4 Ne6 40.Kf3 c5 41.bxc5 Nxc5 42.Bc4 a6
43.Ke3 b5 44.Bd5 b4 45.Kd4 Na4 46.Bc4 a5 47.Bb3 Nc3 48.Kd3 a4 49.g5+ hxg5
50.fxg5+ Kxg5 51.Bxa4  1/2-1/2

[Event "Pivdenny Bank Cup"]
[Site "Odessa UKR"]
[Date "2007.07.06"]
[Round "7"]
[White "Bacrot,E"]
[Black "Korchnoi,V"]
[Result "1/2-1/2"]
[WhiteElo "2709"]
[BlackElo "2623"]

1.Nf3 e6 2.c4 Nf6 3.g3 d5 4.d4 dxc4 5.Qa4+ Bd7 6.Qxc4 c5 7.Bg2 Bc6 8.O-O Nbd7
9.Nc3 Rc8 10.Bg5 cxd4 11.Qxd4 Bc5 12.Qf4 h6 13.Bxf6 Qxf6 14.Rfd1 Qxf4 15.gxf4 Bb4
16.Rac1 Ke7 17.a3 Bxf3 18.Bxf3 Bxc3 19.Rxc3 Rxc3 20.bxc3 Rc8 21.Bxb7 Rxc3
22.Ra1 Nc5 23.Ba8 a5 24.e3 f5 25.Ra2 Nd3 26.Bb7 Kd6 27.Ba6 Nc5 28.Bf1 a4
29.Bb5 g5 30.fxg5 hxg5 31.Kg2 Kc7 32.h3 Kd6 33.Rd2+ Ke7 34.Ra2 e5 35.Rd2 f4
36.exf4 gxf4 37.Ra2 e4 38.h4 Kf6 39.h5 Kg5 40.Be8 Nd3 41.Bg6 Rc4 42.Rd2 f3+
43.Kg3 Nf4 44.Rb2 Nxh5+ 45.Bxh5 Kxh5 46.Rb5+ Kg6 47.Kf4 Rc3 48.Rb4 Rxa3 49.Rxe4 Kh5
50.Kg3 Kg5 51.Rf4  1/2-1/2

[Event "ch-Euro Blitz"]
[Site "Ajaccio FRA"]
[Date "2007.10.25"]
[Round "1"]
[White "Bacrot,E"]
[Black "Garro,P"]
[Result "1-0"]
[WhiteElo "2695"]
[BlackElo "2167"]

1.d4 g6 2.Nf3 Bg7 3.c4 Nf6 4.g3 O-O 5.Bg2 Ng4 6.Nc3 Bf6 7.O-O Nh6 8.Bxh6 Bg5
9.Bxf8 a5 10.Nxg5 f6 11.Bh6 e6 12.e4 f5 13.exf5 gxf5 14.Qh5 Ra6 15.Qf7+ Kh8
16.Bg7+  1-0

[Event "ch-Euro Blitz"]
[Site "Ajaccio FRA"]
[Date "2007.10.25"]
[Round "2"]
[White "Garro,P"]
[Black "Bacrot,E"]
[Result "0-1"]
[WhiteElo "2167"]
[BlackElo "2695"]

1.g3 Nf6 2.Bg2 g6 3.Nf3 Bg7 4.O-O O-O 5.b3 d5 6.h3 a5 7.Nc3 Nc6 8.Bb2 Ne4
9.Ng5 Nxg5 10.Nxd5 Nxh3+ 11.Bxh3 Bxh3 12.Bxg7 Kxg7 13.Nf4 Bxf1 14.Qxf1 Qxd2
15.Rd1 Qxc2 16.Rc1 Qe4 17.Nh3 Rfd8 18.Rd1 Ne5 19.Ng5 Qc6 20.Ne4 a4 21.Ng5 axb3  0-1

[Event "ch-Euro Blitz"]
[Site "Ajaccio FRA"]
[Date "2007.10.25"]
[Round "4"]
[White "Luciani,T"]
[Black "Bacrot,E"]
[Result "0-1"]
[WhiteElo "1748"]
[BlackElo "2695"]

1.e4 e5 2.Bc4 Nc6 3.Nc3 Nf6 4.d3 Na5 5.Bb3 Nxb3 6.axb3 d6 7.Bg5 Be7 8.Nf3 O-O
9.O-O c6 10.h3 h6 11.Be3 b6 12.Qe2 Re8 13.Rad1 Qc7 14.Rfe1 Bf8 15.Qf1 d5
16.exd5 cxd5 17.d4 e4 18.Nd2 Qc6 19.Qb5 Qe6 20.Qe2 Qf5 21.Nf1 Qg6 22.Ng3 h5
23.Kh1 h4 24.Nf1 Bd6 25.Nh2 Bf5 26.Nb5 Bb8 27.Nc3 a6 28.Ra1 a5 29.Na4 Bc7
30.Nc3 Rac8 31.Nb5 Bb8 32.c3 Bd7 33.Na3 Nh5 34.Qd1  0-1

[Event "ch-Euro Blitz"]
[Site "Ajaccio FRA"]
[Date "2007.10.25"]
[Round "6"]
[White "Derieux,C"]
[Black "Bacrot,E"]
[Result "0-1"]
[WhiteElo "2165"]
[BlackElo "2695"]

1.d4 d5 2.c4 e6 3.Nc3 Bb4 4.Nf3 Nf6 5.Bg5 h6 6.Bxf6 Qxf6 7.Qb3 Nc6 8.e3 O-O
9.a3 dxc4 10.Bxc4 Bd6 11.Ne4 Qg6 12.Nxd6 cxd6 13.O-O e5 14.dxe5 Bh3  0-1

[Event "ch-Euro Blitz"]
[Site "Ajaccio FRA"]
[Date "2007.10.25"]
[Round "7"]
[White "Bacrot,E"]
[Black "Fridman,D2"]
[Result "0-1"]
[WhiteElo "2695"]
[BlackElo "2621"]

1.d4 d5 2.Nf3 Nf6 3.c4 c6 4.e3 e6 5.b3 c5 6.Be2 Nc6 7.O-O cxd4 8.exd4 Be7
9.Bb2 O-O 10.Nbd2 b6 11.Re1 Bb7 12.Bf1 Qc7 13.Rc1 Rad8 14.Qc2 Rfe8 15.a3 Qb8
16.c5 bxc5 17.dxc5 a5 18.Ne5 Nd7 19.Nxd7 Rxd7 20.b4 axb4 21.axb4 d4 22.b5 d3
23.Bxd3 Red8 24.Bxh7+ Kf8 25.Nf3 Nb4 26.Qc3 Bxf3 27.Qxg7+ Ke8 28.gxf3 Qf4
29.Qg3 Qh6 30.Qg8+ Bf8 31.Be4 Nd3 32.Bxd3 Rd4 33.c6 R4d5 34.c7 Rg5+ 35.Kf1 Rxg8
36.cxd8=Q+ Kxd8 37.Red1 Ke7 38.Ba3+ Kf6 39.Rc7 Qxh2 40.Ke2 Rg1 41.Kd2 Qe5
42.Re1 Qxe1+ 43.Kc2 Qxf2+ 44.Kb3 Qb6 45.Rb7 Qa5 46.b6 e5 47.Bc5 Qxc5 48.Rb8 Qb5+  0-1

[Event "ch-Euro Blitz"]
[Site "Ajaccio FRA"]
[Date "2007.10.25"]
[Round "9"]
[White "Bacrot,E"]
[Black "Drazic,S"]
[Result "1-0"]
[WhiteElo "2695"]
[BlackElo "2493"]

1.d4 d5 2.c4 e6 3.Nf3 a6 4.cxd5 exd5 5.Nc3 c6 6.Bf4 Ne7 7.e3 Nd7 8.Bd3 Nf6
9.Qc2 Ng6 10.Bg5 h6 11.Bf4 Nxf4 12.exf4 c5 13.O-O cxd4 14.Nxd4 Be7 15.Rfe1 O-O
16.Rad1 Re8 17.Qb3 Bg4 18.Be2 Bxe2 19.Rxe2 Bc5 20.Qxb7 Rxe2 21.Ncxe2 Rb8
22.Qxa6 Rxb2 23.a4 Ne4 24.f3 Rxe2 25.Qxe2 Nc3 26.Qc2 Nxd1 27.Qxc5 Qe8 28.Nc2 Qxa4
29.Qc8+ Kh7 30.Qf5+ Kg8 31.h4 Qc4 32.Kh2 Nc3 33.Ne3 Qc5 34.Ng4 Qc7 35.Ne5 Nb5
36.Qd3 Qc5 37.Qf5 Qc7 38.h5 Nd6 39.Qd3 Qb7 40.Kh3 f6 41.Ng6 Kf7 42.Nh8+ Kg8
43.Ng6 Kf7 44.g4 Qc6 45.Qa3 d4 46.Qa2+ Nc4 47.Qa7+ Ke6 48.Kg3 Nd6 49.f5+ Kd5
50.Nf4+ Kc4 51.Qa2+ Kb5 52.Ne6 Nxf5+ 53.gxf5 Qd6+ 54.Kg4 d3 55.Qb3+ Kc6 56.Qa4+ Kb6
57.Qb3+ Kc6 58.Qc3+ Kb6 59.Nd4 Qh2 60.Qb3+ Kc5 61.Ne6+ Kc6 62.Qc3+ Kb6 63.Qd4+ Kb7
64.Qxd3 Qg2+ 65.Kf4 Qh2+ 66.Ke3 Qxh5 67.Qd7+ Ka6 68.Qc6+ Ka5 69.Qd5+ Kb4
70.Nd4 Qg5+ 71.Kd3 h5 72.Ke4  1-0

[Event "ch-Euro Blitz"]
[Site "Ajaccio FRA"]
[Date "2007.10.25"]
[Round "10"]
[White "Drazic,S"]
[Black "Bacrot,E"]
[Result "0-1"]
[WhiteElo "2493"]
[BlackElo "2695"]

1.d4 d5 2.Bg5 c6 3.e3 Bf5 4.Bd3 Bg6 5.Nf3 Nd7 6.O-O Ngf6 7.c4 e6 8.Nc3 Be7
9.h3 O-O 10.Re1 a6 11.Rc1 dxc4 12.Bxc4 c5 13.a3 cxd4 14.Nxd4 Ne5 15.Be2 Rc8
16.Qb3 b5 17.Red1 Qb6 18.a4 b4 19.Nb1 Bc5 20.Bxf6 gxf6 21.Nf3 Bd6 22.Nbd2 Nxf3+
23.Bxf3 Bb8 24.g3 Rxc1 25.Rxc1 Rd8 26.Ne4 Kg7 27.Rc4 a5 28.Kg2 Be5 29.h4 h5
30.Nc5 Rd2 31.Be4 Rxb2 32.Qd3 f5 33.Bf3 b3 34.Nd7 Qd6 35.Nxe5 Qxe5 36.Rc8 Qxg3+
37.Kxg3 f4+ 38.exf4 Bxd3 39.Rb8 Bc2 40.Bxh5 Ra2 41.Rb7 b2 42.Rxf7+ Kg8 43.Rb7 b1=Q
44.Rxb1 Bxb1 45.Kg4 Rxa4 46.Kg5 Kg7 47.Bf3 Rb4 48.h5 Rb5+ 49.Kh4 Kh6  0-1

[Event "ch-Euro Blitz"]
[Site "Ajaccio FRA"]
[Date "2007.10.25"]
[Round "11"]
[White "Van Wely,L"]
[Black "Bacrot,E"]
[Result "1/2-1/2"]
[WhiteElo "2679"]
[BlackElo "2695"]

1.c4 e5 2.Nc3 g6 3.g3 Bg7 4.Bg2 Nf6 5.Nf3 Nc6 6.d3 O-O 7.O-O d6 8.Rb1 a5
9.a3 Re8 10.Bg5 h6 11.Bxf6 Bxf6 12.b4 axb4 13.axb4 Bg7 14.b5 Ne7 15.Qc2 Nf5
16.e3 h5 17.Ra1 Rb8 18.h4 Nh6 19.Ng5 Bf6 20.Nge4 Bg7 21.Ng5 Bf6 22.Nce4 Be7
23.Nf3 Ng4 24.Rfd1 Bf5 25.Qb3 c6 26.Neg5 Rf8 27.Rab1 Rc8 28.Ne4 d5 29.cxd5 cxd5
30.Neg5 d4 31.exd4 exd4 32.Re1 Rc3 33.Qa2 Ra3 34.Qe2 Bxd3 35.Qxe7 Qxe7 36.Rxe7 Bxb1
37.Nxd4 Ra1 38.Re1 Ra4 39.Rxb1 Rxd4 40.Bxb7 Rfd8 41.Bf3 Ne5 42.Be2 Rd2 43.Kf1 Rb8
44.Ne4 Rd4 45.Nc5 Nc4 46.Kg2 Na3 47.Rb3 Nxb5 48.Na6 Rb6 49.Rxb5 Rxb5 50.Bxb5 Kg7
51.Be2 Rd2 52.Kf3 Kf6 53.Nc5 Rb2 54.Nd3 Ra2 55.Ke3 Ra3 56.Bf3 Rb3 57.Bd5 Ra3
58.Kd4 Ra4+ 59.Bc4 Ra5 60.Nf4 Ra1 61.Nh3 Rd1+ 62.Ke3 Rc1 63.Kd3 Rd1+ 64.Ke2 Rc1
65.Bd5 Rc5 66.Be4 Ke5 67.Bd3 Kf6 68.Ng5 Ke7 69.Ke3 Ra5 70.Bc4 f6 71.Nf3 Kf8
72.Bd3 Kf7 73.Nd4 Re5+ 74.Kd2 Rc5 75.Ne2 g5 76.Ke3 Re5+ 77.Kf3 Re4 78.Kxe4 Kg6
79.Nd4 Kf7 80.Ke3 Ke7 81.Be2 Kf7 82.Bd3 Kg7 83.Bc4 Kg6 84.Bd3+ Kg7 85.Nf3 Kf7
86.Nd4 Kg7 87.Nf5+ Kf7 88.f3 gxh4 89.Ne7 Kxe7 90.gxh4 f5 91.Kd4  1/2-1/2

[Event "ch-Euro Blitz"]
[Site "Ajaccio FRA"]
[Date "2007.10.26"]
[Round "23"]
[White "Bacrot,E"]
[Black "Jussupow,Ar"]
[Result "1-0"]
[WhiteElo "2695"]
[BlackElo "2583"]

1.d4 e6 2.c4 f5 3.Nf3 Nf6 4.g3 d5 5.Bg2 c6 6.O-O Bd6 7.Bf4 Bxf4 8.gxf4 O-O
9.Nbd2 Bd7 10.Qb3 Qb6 11.Ne5 Qxb3 12.Nxb3 Rd8 13.Rfc1 Na6 14.Na5 Rab8 15.Rab1 Be8
16.b4 Rdc8 17.c5 Nc7 18.a4 Kf8 19.e3 Nd7 20.Nd3 Nf6 21.Bf1 a6 22.Ne5 h6 23.h4 Ng4
24.Nxg4 fxg4 25.Bd3 Ke7 26.Kg2 Kf6 27.Kg3 h5 28.f3 gxf3 29.Kxf3 Bg6 30.Bxg6 Kxg6
31.Rg1+ Kf6 32.Rg5 g6 33.Rg2 Rg8 34.Ke2 Kf7 35.Kd3 Kf6 36.Kc3 Kf7 37.Nb3 Ne8
38.Nd2 Nf6 39.Nf3 Ne4+ 40.Kd3 Kf6 41.Ne5 Rg7 42.b5 axb5 43.axb5 Ra8 44.bxc6 Ra3+
45.Ke2 Nc3+ 46.Kf3 Nxb1 47.cxb7 Rb3 48.c6 Nc3 49.Nd7+ Ke7 50.c7 Nd1 51.Ke2 Nc3+
52.Kf1 Rb1+ 53.Kf2 Nd1+ 54.Ke2 Nc3+ 55.Kd3  1-0

[Event "ch-Euro Blitz"]
[Site "Ajaccio FRA"]
[Date "2007.10.26"]
[Round "29"]
[White "Bacrot,E"]
[Black "Mikhalevski,V"]
[Result "0-1"]
[WhiteElo "2695"]
[BlackElo "2584"]

1.Nf3 Nf6 2.g3 g6 3.c4 Bg7 4.Bg2 c6 5.d4 d5 6.Qb3 O-O 7.O-O Qb6 8.Nc3 Bf5
9.c5 Qxb3 10.axb3 Nbd7 11.b4 a6 12.Nh4 Be6 13.f4 Ne4 14.e3 f5 15.Nf3 h6 16.Nxe4 dxe4
17.Nd2 g5 18.b3 Nf6 19.Nc4 gxf4 20.gxf4 Kh7 21.Bd2 Rg8 22.h3 Nd5 23.Na5 Rab8
24.Kh2 Bf6 25.Rae1 Bh4 26.Ra1 Rg6 27.Ra2 Rbg8 28.Bc1 Nxb4 29.Re2 Bc8 30.Bd2 Nd3
31.Nc4 Be6 32.Na5 Bd5 33.b4 Bg3+ 34.Kh1 Bxf4 35.exf4 Rxg2 36.Rxg2 e3 37.Ra1 Rh8
38.Bc1  0-1

[Event "ch-Euro Blitz"]
[Site "Ajaccio FRA"]
[Date "2007.10.26"]
[Round "32"]
[White "Guliyev,N"]
[Black "Bacrot,E"]
[Result "0-1"]
[WhiteElo "2560"]
[BlackElo "2695"]

1.e4 e5 2.Nf3 Nc6 3.Bb5 Nf6 4.d3 Bc5 5.O-O Nd4 6.Nxd4 Bxd4 7.c3 Bb6 8.Nd2 O-O
9.Qe2 a6 10.Ba4 d6 11.Bc2 d5 12.exd5 Qxd5 13.Nc4 Re8 14.Nxb6 cxb6 15.Bg5 Qd6
16.h3 h6 17.Bd2 Bf5 18.Rad1 Bg6 19.Be3 Nd5 20.Bc1 Rad8 21.Rfe1 Qc6 22.Qf3 Qd7
23.Qg3 Qd6 24.Bb3 b5 25.d4 e4 26.Qxd6 Rxd6 27.f3 Rdd8 28.Rd2 e3 29.Rdd1 e2
30.Rd2 Nf4 31.Kf2 Nd3+ 32.Rxd3 Bxd3 33.Bf4 Rd7 34.h4 Kf8 35.h5 Bc4 36.Bc2 Bxa2
37.b3 b4 38.Bd2 bxc3 39.Bxc3 Rc7 40.Bb4+ Kg8 41.Be4 Bxb3 42.Rxe2 Rcc8 43.d5 f5
44.Bxf5 Rxe2+ 45.Kxe2 Rd8 46.d6 a5 47.Ba3 b5 48.Bc5 Kf7 49.Ke3 a4 50.Kd4 Kf6
51.Bd3 Ke6 52.Bxb5 Rxd6+ 53.Bxd6 Kxd6 54.Kc3 Ke5 55.g3 Kf5 56.Be8 Bd1 57.Kb4 Kg5
58.f4+ Kg4 59.Bg6 Kxg3 60.f5 Kf4 61.Ka3 Kg5 62.Kb4 Bxh5 63.Bh7 Bd1 64.Ka3  0-1

[Event "World Blitz"]
[Site "Moscow RUS"]
[Date "2007.11.22"]
[Round "26"]
[White "Carlsen,M"]
[Black "Bacrot,E"]
[Result "1-0"]
[WhiteElo "2714"]
[BlackElo "2695"]

1.e4 e5 2.Nf3 d6 3.d4 exd4 4.Nxd4 Nf6 5.Nc3 Be7 6.g3 d5 7.e5 Ng4 8.Bg2 c6
9.f4 Nh6 10.O-O Qc7 11.f5 Qxe5 12.Bxh6 O-O 13.Bf4 Qf6 14.g4 Bc5 15.Ne2 Nd7
16.Kh1 h6 17.c3 Ne5 18.Ng3 Nc4 19.b3 Nb6 20.Nh5 Qh4 21.Bg3 Qg5 22.h4 Qd8
23.Qd2 Bd6 24.Bxd6 Qxd6 25.f6 Bxg4 26.fxg7 Bxh5 27.Nf5  1-0

[Event "Greek Cup S/F PO Rapid"]
[Site "Kallithea GRE"]
[Date "2008.07.03"]
[Round "1"]
[White "Nikolaidis,I"]
[Black "Bacrot,E"]
[Result "0-1"]
[WhiteElo "2516"]
[BlackElo "2691"]

1.d4 d5 2.c4 e6 3.Nf3 Nf6 4.Bg5 h6 5.Bxf6 Qxf6 6.Nc3 c6 7.a3 dxc4 8.Ne5 b5
9.g3 Bb7 10.Bg2 a6 11.O-O Qd8 12.e3 Be7 13.b3 cxb3 14.Qxb3 O-O 15.Rfc1 Ra7
16.Ne4 Ba8 17.Nc5 Bxc5 18.Rxc5 Nd7 19.Nxd7 Qxd7 20.Rac1 Rc7 21.Qc3 Qd6 22.f4 Rb8
23.Bf3 Rcc8 24.Qa5 Bb7 25.Kf2 Qc7 26.Qd2 Qd8 27.h4 a5 28.h5 Ba6 29.Bxc6 b4
30.axb4 axb4 31.Be4 Rxc5 32.Rxc5 b3 33.Qb2 Qb6 34.Rc3 Qb5 35.Bd3 Qxh5 36.Rxb3 Qh2+
37.Kf3 Qxb2 38.Rxb2 Rxb2 39.Bxa6 Kf8 40.Bd3 Ke7 41.Be4 f5 42.Bd3 g5  0-1

[Event "Greek Cup S/F PO Rapid"]
[Site "Kallithea GRE"]
[Date "2008.07.03"]
[Round "1"]
[White "Bacrot,E"]
[Black "Nikolaidis,I"]
[Result "1/2-1/2"]
[WhiteElo "2691"]
[BlackElo "2516"]

1.d4 d5 2.Nf3 Bf5 3.c4 e6 4.Nc3 c6 5.Qb3 Qb6 6.c5 Qc7 7.Bf4 Qc8 8.e4 Bxe4
9.Nxe4 dxe4 10.Nd2 Nf6 11.Nc4 Nbd7 12.Be2 Nd5 13.Nd6+ Bxd6 14.Bxd6 f5 15.g4 N7f6
16.Rg1 Kf7 17.O-O-O b5 18.h4 Qd7 19.h5 f4 20.g5 f3 21.Bxf3 exf3 22.Qxf3 Rag8
23.h6 gxh6 24.gxf6 Rg6 25.Rxg6 hxg6 26.Rg1 e5 27.Bxe5 Rg8 28.Rh1 Rh8 29.Rg1 Rg8
30.Qd3 a5 31.Qd2 g5 32.Qxa5 Nxf6 33.Qa3 Qf5 34.Qe3 Nd5 35.Qe2 Kg6 36.Rh1 Nf4
37.Bxf4 Qxf4+ 38.Qe3 Qxe3+ 39.fxe3 h5 40.Kd2 g4 41.Ke2 Kg5 42.e4 h4 43.d5 g3
44.Kf3 Rf8+ 45.Kg2 Kg4 46.Rd1 Rf2+ 47.Kg1 Kf3 48.dxc6 Rg2+ 49.Kh1 Rh2+ 50.Kg1 Rg2+
51.Kf1 Rf2+  1/2-1/2

[Event "Greek Cup S/F"]
[Site "Kallithea GRE"]
[Date "2008.07.03"]
[Round "1"]
[White "Bacrot,E"]
[Black "Nikolaidis,I"]
[Result "1/2-1/2"]
[WhiteElo "2691"]
[BlackElo "2516"]

1.Nf3 c5 2.c4 b6 3.d4 cxd4 4.Nxd4 Bb7 5.Nc3 Nf6 6.f3 d6 7.e4 e6 8.Be2 Be7
9.O-O O-O 10.Be3 Nc6 11.Qd2 Rc8 12.Nxc6 Rxc6 13.Rfd1 Qb8 14.Nb5 Rd8 15.Kh1 h6
16.Bf1 a6 17.Nd4 Rcc8 18.Qf2 Nd7 19.Rd2 Ba8 20.Rad1 Ne5 21.b3 Kf8 22.Nc2 Nd7
23.e5 Nxe5 24.Bxb6 Re8 25.Ba5 Nd7 26.Ne3 Nf6 27.b4 Bb7 28.a3 Kg8 29.Qg3 Nh5
30.Qg4 Nf6 31.Qd4 Qa8 32.Qf4 Qa7 33.Qd4 Qa8 34.Qf4 Qa7 35.Nc2 Qa8 36.Qg3 Nh5
37.Qf2 Nf4 38.Bb6 d5 39.Ne3 Bg5 40.g3 Ng6 41.cxd5 Bxe3 42.Qxe3 Bxd5 43.Kg2 Ne7
44.Bc5 Nf5 45.Qf2 a5 46.Bd3 axb4 47.axb4 Bb7 48.Bb1 Bc6 49.Ra2 Qb8 50.Be4 Qe5
51.Re2 Qf6 52.Bxc6 Rxc6 53.b5 Rc7 54.b6 Rb7 55.Red2 e5 56.Bd6 Re6 57.Bc7 Rexb6
58.Bxb6  1/2-1/2

[Event "Greek Cup 3rd Pl"]
[Site "Kallithea GRE"]
[Date "2008.07.04"]
[Round "2"]
[White "Siempos,K"]
[Black "Bacrot,E"]
[Result "0-1"]
[WhiteElo "1975"]
[BlackElo "2691"]

1.e4 c5 2.c3 d6 3.d4 Nf6 4.Bd3 Nc6 5.Nf3 e5 6.d5 Ne7 7.h3 Ng6 8.Be3 Be7 9.Nbd2 h5
10.Bb5+ Kf8 11.Bd3 h4 12.Qc2 Nh5 13.O-O-O Bd7 14.c4 a6 15.Qc3 b5 16.b3 Ngf4
17.Bxf4 Nxf4 18.Bf1 Kg8 19.Ne1 Bf6 20.Nd3 b4 21.Qc2 a5 22.Nxf4 exf4 23.Nf3 a4
24.Bd3 axb3 25.axb3 Bc3 26.Nd2 f3  0-1

[Event "24th ECC"]
[Site "Kallithea GRE"]
[Date "2008.10.17"]
[Round "1"]
[White "Bator,R"]
[Black "Bacrot,E"]
[Result "0-1"]
[WhiteElo "2410"]
[BlackElo "2705"]

1.d4 Nf6 2.Nf3 e6 3.c4 c5 4.d5 exd5 5.cxd5 d6 6.g3 g6 7.Nc3 Bg7 8.Bg2 O-O
9.O-O Nbd7 10.Bf4 Qe7 11.Re1 a6 12.a4 Rb8 13.e4 Ng4 14.Qe2 Nge5 15.Nd2 Re8
16.h3 Qd8 17.Be3 f5 18.f4 Nf7 19.Kh2 Nf6 20.exf5 Bxf5 21.Qf3 h5 22.Bf2 Qb6
23.Nde4 Nxe4 24.Nxe4 Qxb2 25.Ng5 Nxg5 26.fxg5 Rf8 27.Ra3 Bd7  0-1

[Event "24th ECC"]
[Site "Kallithea GRE"]
[Date "2008.10.19"]
[Round "3"]
[White "Bacrot,E"]
[Black "Stocek,J"]
[Result "1-0"]
[WhiteElo "2705"]
[BlackElo "2578"]

1.Nf3 Nf6 2.g3 b6 3.Bg2 Bb7 4.O-O g6 5.d3 d5 6.c4 c6 7.Nbd2 Bg7 8.e4 dxe4
9.dxe4 Nfd7 10.Qe2 Nc5 11.e5 Nba6 12.Nb3 Qd3 13.Re1 O-O-O 14.Be3 Qxe2 15.Rxe2 Ne6
16.Bh3 Kb8 17.Bxe6 fxe6 18.Ng5 Rd3 19.c5 bxc5 20.Nxc5 Nxc5 21.Bxc5 Rhd8 22.Nxe6 Rd1+
23.Rxd1 Rxd1+ 24.Kg2 Bh6 25.Bxe7 c5+ 26.f3 Ba6 27.Bd6+ Kc8 28.Rc2 Be3 29.f4 Bd3
30.Rxc5+ Bxc5 31.Nxc5 Bc4 32.b3 Bd5+ 33.Kh3 Rd2 34.g4 Rxa2 35.Kh4 Rxh2+ 36.Kg5 h5
37.f5 gxf5 38.gxf5 h4 39.e6 Rf2 40.f6 h3 41.Bf4 Rxf4 42.Kxf4 h2 43.f7 h1=Q
44.f8=Q+ Kc7 45.e7 Qh2+ 46.Ke3 Qg1+ 47.Kd2 Qd4+ 48.Nd3 Be4 49.Qf4+ Kb6 50.Qb8+  1-0

[Event "12th Corsica Masters KO"]
[Site "Ajaccio FRA"]
[Date "2008.10.27"]
[Round "1.1"]
[White "Bacrot,E"]
[Black "Dimitrov,R"]
[Result "1-0"]
[WhiteElo "2705"]
[BlackElo "2378"]

1.d4 d5 2.c4 c6 3.Nf3 Nf6 4.e3 a6 5.Nc3 b5 6.c5 g6 7.Be2 Bg7 8.Ne5 O-O 9.O-O Nfd7
10.f4 f6 11.Nd3 e5 12.a4 e4 13.Nb4 a5 14.axb5 axb4 15.Rxa8 bxc3 16.bxc3 cxb5
17.Bxb5 Bb7 18.Ra7 Bc6 19.Qb3 Rf7 20.Bxc6 Nxc6 21.Ra6 Qc8 22.Ra2 Ne7 23.Bd2 Bf8
24.Rfa1 f5 25.Ra8 Qc6 26.R1a6 Qc7 27.R8a7 Qc8 28.c4 Nf6 29.cxd5 Nfxd5 30.Rd6 Nc7
31.Rf6 Ncd5 32.Rxf7 Kxf7 33.Qa3  1-0

[Event "12th Corsica Masters KO"]
[Site "Ajaccio FRA"]
[Date "2008.10.28"]
[Round "2.1"]
[White "Bacrot,E"]
[Black "Sanchez,Joseph"]
[Result "1-0"]
[WhiteElo "2705"]
[BlackElo "2471"]

1.d4 d5 2.Nf3 Nf6 3.c4 c6 4.e3 a6 5.Nc3 Bf5 6.Bd3 Bxd3 7.Qxd3 e6 8.O-O Nbd7
9.e4 Be7 10.e5 dxc4 11.Qxc4 Nd5 12.Ne4 O-O 13.Bg5 h6 14.Bxe7 Qxe7 15.Qb3 Rab8
16.Rac1 f6 17.exf6 gxf6 18.Rfe1 Kh8 19.Nc3 N7b6 20.Re4 Qf7 21.Rce1 Rbe8 22.Rh4 Qg7
23.Ne4 Rg8 24.g3 Qg6 25.Nc5 e5 26.dxe5 fxe5 27.Rxe5 Ref8 28.Reh5 Rf6 29.Ne4 Re6
30.Nfg5  1-0

[Event "12th Corsica Masters KO"]
[Site "Ajaccio FRA"]
[Date "2008.10.28"]
[Round "2.2"]
[White "Sanchez,Joseph"]
[Black "Bacrot,E"]
[Result "0-1"]
[WhiteElo "2471"]
[BlackElo "2705"]

1.e4 e5 2.Nf3 Nc6 3.d4 exd4 4.Nxd4 Bb4+ 5.c3 Bc5 6.Be3 Bb6 7.Nf5 Bxe3 8.Nxe3 d6
9.c4 Nge7 10.Nc3 O-O 11.Be2 f5 12.exf5 Nxf5 13.Nxf5 Bxf5 14.O-O Kh8 15.Qd2 Qd7
16.f4 Rae8 17.Bh5 g6 18.Bd1 Qg7 19.Ba4 Re6 20.Rad1 Bg4 21.Rde1 Qd4+ 22.Qxd4+ Nxd4
23.Rxe6 Bxe6 24.b3 a6 25.g3 Rb8 26.Rd1 c5 27.Kf2 b5 28.Rxd4 cxd4  0-1